Culture précise - Cléopâtre, l'Empire Égyptien sous la Lune de Rome - Statistiques

Statistiques générales
  • Ce quiz a été pris 33 fois
  • Le résultat moyen est 8 sur 10
Statistiques - réponses
Hint Réponse % Correct
De quel très célèbre général romain a-t-elle eu un fils ? Jules César
100%
Avec quel membre de sa famille a-t-elle eu un conflit pour obtenir le trône ? Son frère
97%
Avec quel autre général romain a-t-elle eu trois enfants ? Marc Antoine
93%
Quel était le chiffre suivant son nom dans sa dynastie ? VII
90%
Quel bâtiment d'Alexandrie connu son apogée sous son règne ? La bibliothèque
80%
Face à qui ? Octave
77%
Comment se serait elle tué ? Avec un aspic
73%
De quel général macédonien descend elle ? Ptolémée
70%
Dans quoi parvient elle à César la première fois ? Dans un tapis
63%
Quelle bataille perd elle avec Marc Antoine ? Actium
47%
Aucun quiz correspondant
Distribution des résultats
% des personnes avec chaque résultat
Percentile par nombre de réponses
Votre historique - résultats
Vous n’avez pas pris ce quiz